000 00835nas a2200277 4500
001 BR9901226
003 BR-BrBNA
005 20231205101305.0
007 ta
008 230509b bl.|||p| |||| 00| 00por d
040 _aBR-BrBNA
_bpor
_cBiblioteca Nacional de Agricultura
041 _a(Pt)
072 _aF61
100 1 _aAguiar, L.W.
100 1 _aMartau, L.
100 1 _aOliveira, M. de L.A.A. de
100 1 _aMartins-Mazzitelli, S.M. de A.
245 1 _aEfeitos do dioxido de enxofre (SO2)em liquens, Rio Grande do Sul
650 _aLiquen
650 _aDioxido de Enxofre
650 _aNutricao Vegetal
650 _aRio Grande do Sul
773 0 _tIheringia. Serie Botanica (Brazil)
_xISSN 0073-4705
_g(Jul 1998), no. 50 p. 67-73
_wBR9901226
909 _a202311
_bLúcia
_c55
_dLúcia Elande
942 _2AGRIS
_n0
_cANA
999 _c160927
_d160927